En el camino del surco : emigración indígena a los campos de tomate /

A consecuencia de la política agraria neoliberal de los últimos años, se ha favorecido el desarrollo de la gran empresa agropecuaria en ciertas zonas del país, con miras a satisfacer el mercado global antes que el de autoconsumo. Es por ello que cientos de miles de indígenas mixtecos, nahuas, tlapan...

Description complète

Enregistré dans:
Détails bibliographiques
Auteur principal: Mejía Lara, Afra Citlalli (realización)
Autres auteurs: Beltrán, Nicolenka (fotógrafo) (fotógrafo), Valadez, Pablo (montaje) (montaje), Sánchez, Alfredo (música) (música)
Format: Diapositive
Langue:espagnol
Publié: Guadalajara, México : ITESO : Universidad de Guadalajara, Unidad de Apoyo a Comunidades Indígenas : Neo O'Kay Producciones : CONACULTA, Programa de Apoyo a Culturas Municipales y Comunitarias, 2000, c2000
Sujets:
Tags: Ajouter un tag
Pas de tags, Soyez le premier à ajouter un tag!

MARC

LEADER 00000ngm^a2200000^a^4500
001 000275117
005 20250521000000.0
009 20260310111221.119
037 |a Acervo ITESO - Biblioteca 
041 |a ESP 
082 |a 338. 10972063  |b MEJ 
100 |a Mejía Lara, Afra Citlalli  |e (realización) 
240 1 1 |a [En el camino del surco: emigración indígena a los campos de tomate] 
245 1 0 |a En el camino del surco :  |b emigración indígena a los campos de tomate /  |c Realización de A.C. Mejía Lara. 
264 4 |a Guadalajara, México :  |b ITESO :  |b Universidad de Guadalajara, Unidad de Apoyo a Comunidades Indígenas :  |b Neo O'Kay Producciones :  |b CONACULTA, Programa de Apoyo a Culturas Municipales y Comunitarias,  |c 2000, c2000 
300 |a 1 videocasete VHS  |c (28 min.) 
336 |a imagen móvil bidimensional  |b tdi  |2 rdacontenido 
337 |a video  |b v  |2 rdamedio 
338 |a videocasete  |b vf  |2 rdasoporte 
520 |a A consecuencia de la política agraria neoliberal de los últimos años, se ha favorecido el desarrollo de la gran empresa agropecuaria en ciertas zonas del país, con miras a satisfacer el mercado global antes que el de autoconsumo. Es por ello que cientos de miles de indígenas mixtecos, nahuas, tlapanecos, triquis y huastecos migran año con año de sus tierras hacia esas regiones productivas. 
530 |a Existe una edición en formato impreso con el título Proyecto Sayula: intervención en los campos de indígenas migrantes, jornaleros agrícolas 
649 |a XX 
650 |a Campesinos Mexicanos -  |x Condiciones Económicas -  |x Tema Principal 
650 |a Indígenas de México -  |x Condiciones Económicas 
650 |a Migrantes 
650 |a Documentales 
650 |a Cortometrajes y Mediometrajes Jaliscienses 
650 |a Cortometrajes y Mediometrajes Mexicanos 
650 |a Video -  |z Jalisco -  |y 1990-1999 
650 |a Video -  |z Jalisco -  |y Siglo XX 
650 |a Video -  |z México -  |y 1990-1999 
650 |a Video -  |z México -  |y Siglo XX 
650 |a Emigración -  |z Guerrero 
650 |a Inmigración -  |z Sayula, Jalisco -  |x Tema Principal 
650 |a Inmigración -  |z Jalisco 
650 |a Inmigración -  |z Sinaloa 
650 |a Migración 
650 |a Explotación -  |z Sayula, Jalisco 
650 |a Explotación -  |z Jalisco 
650 |a Explotación -  |z México 
650 |a Marginación -  |z Sayula, Jalisco 
650 |a Marginación -  |z Jalisco 
650 |a Marginación -  |z México 
650 |a Problemas Sociales -  |z Sayula, Jalisco 
650 |a Problemas Sociales -  |z Jalisco 
650 |a Problemas Sociales -  |z México 
650 |a Jitomate -  |z Sayula, Jalisco -  |x Aspectos Económicos 
650 |a Jitomate -  |z Jalisco -  |x Aspectos Económicos 
650 |a Jitomate -  |z México -  |x Aspectos Económicos 
650 |a Industria Agropecuaria -  |z Sayula, Jalisco 
650 |a Industria Agropecuaria -  |z Sayula, Jalisco 
650 |a Industria Agropecuaria -  |z México 
650 |a Industria Alimenticia -  |z Sayula, Jalisco 
650 |a Industria Alimenticia -  |z Jalisco 
650 |a Industria Alimenticia -  |z México 
650 |a Agricultura -  |z Sayula, Jalisco -  |x Aspectos Económicos -  |x Tema Principal 
650 |a Agricultura -  |z Jalisco -  |x Aspectos Económicos 
650 |a Agricultura -  |z México -  |x Aspectos Económicos 
650 |a Sociología de la Economía 
650 |a Sayula, Jalisco -  |x Condiciones Económicas 
650 |a Economía -  |z Sayula, Jalisco -  |x Historia -  |y 1994-2000 
650 |a Economía -  |z Sayula, Jalisco -  |x Historia -  |y Siglo XX 
650 |a Jalisco -  |x Condiciones Económicas 
650 |a Economía -  |z Jalisco -  |x Historia -  |y 1994-2000 
650 |a Economía -  |z Jalisco -  |x Historia -  |y Siglo XX 
650 |a México -  |x Condiciones Económicas 
650 |a Economía -  |z México -  |x Historia -  |y 1994-2000 
650 |a Economía -  |z México -  |x Historia -  |y Siglo XX 
650 |a Educación y Promoción Popular 
700 |a Beltrán, Nicolenka  |e (fotógrafo) 
700 |a Valadez, Pablo  |e (montaje) 
700 |a Sánchez, Alfredo  |e (música) 
910 |a Fondo General 
920 |a Audiovisuales - Videocasetes 
940 |a Películas 
905 |a 301 
901 |a 0500054072  |b IT2  |c VIS  |u 20250521 
902 |a https://opac.biblio.iteso.mx/vufind/Record/000275117